[Event "Vorobets Memorial"]
[Site "Lviv UKR"]
[Date "2011.04.09"]
[Round "3"]
[White "Kaya,E"]
[Black "Moliboga,V"]
[Result "0-1"]
[WhiteElo "2046"]
[BlackElo "2277"]

1.e4 c5 2.Nf3 Nc6 3.Bb5 Qc7 4.Nc3 e6 5.O-O d6 6.d4 cxd4 7.Qxd4 Bd7 8.Bxc6 Bxc6
9.Bg5 Nf6 10.Rfe1 Be7 11.Rad1 h6 12.Bxf6 Bxf6 13.Qxd6 Qxd6 14.Rxd6 Bxc3 15.bxc3 Ke7
16.Rd4 Rhc8 17.Ne5 Be8 18.Rb4 b5 19.Re3 Rc5 20.Nf3 Rac8 21.Rb3 a5 22.Nd4 a4
23.Rb2 Rxc3 24.Rxc3 Rxc3 25.f3 Rc4 26.Nxb5 Bxb5 27.Rxb5 Rxc2 28.e5 g5 29.Rb4 Rxa2
30.h4 a3 31.hxg5 hxg5 32.Ra4 Kd7 33.Ra7+ Kc6 34.Kh2 Kd5 35.Rxf7 Re2 36.Ra7 a2
37.Ra5+ Kc4 38.Kh3 Kb3 39.g3 Re1 40.Kg4 a1=Q 41.Rxa1 Rxa1 42.Kxg5 Kc4 43.Kf6 Kd5
44.f4 Rg1 45.f5 exf5 46.e6 Rxg3  0-1

[Event "ch-SRB w 2011"]
[Site "Belgrade SRB"]
[Date "2011.04.12"]
[Round "2"]
[White "Miladinovic,L"]
[Black "Maksimovic,S"]
[Result "1-0"]
[WhiteElo "2086"]
[BlackElo "2203"]

1.e4 c5 2.Nf3 Nc6 3.Bb5 g6 4.Bxc6 dxc6 5.d3 Bg7 6.Nbd2 Nf6 7.a4 Bg4 8.O-O O-O
9.a5 Nd7 10.h3 Bxf3 11.Nxf3 e5 12.Qe2 Qe7 13.Bd2 f5 14.Rfb1 b5 15.axb6 axb6
16.Rxa8 Rxa8 17.b4 cxb4 18.Bxb4 c5 19.Bc3 h6 20.Nd2 Ra3 21.Bb2 Ra2 22.exf5 gxf5
23.f4 b5 24.Nf3 b4 25.Bxe5 Nxe5 26.Nxe5 Qe6 27.Kf1 Kh7 28.d4 Bxe5 29.fxe5 cxd4
30.Rxb4 Qc6 31.Rc4 Qb6 32.Qd3 Kg6 33.g4 Qe6 34.Rxd4 Qxe5 35.Rd6+ Kg5 36.h4+ Kxh4
37.Rxh6+ Kg5 38.Rh5+ Kxg4 39.Qh3+ Kf4 40.Qh4+ Ke3 41.Qf2+ Ke4 42.Qe2+ Kd5
43.c4+  1-0

[Event "Vorobets Memorial"]
[Site "Lviv UKR"]
[Date "2011.04.13"]
[Round "9"]
[White "Menzi,N"]
[Black "Moliboga,V"]
[Result "0-1"]
[WhiteElo "1868"]
[BlackElo "2277"]

1.e4 c5 2.Nf3 Nc6 3.Bb5 d6 4.O-O Bd7 5.c3 a6 6.Be2 Nf6 7.d3 e5 8.h3 Be7 9.Be3 O-O
10.Nbd2 d5 11.Bg5 Be6 12.Re1 d4 13.cxd4 cxd4 14.Nf1 Nd7 15.Bxe7 Qxe7 16.Qd2 f6
17.Ng3 Rfc8 18.Nh4 Nb4 19.Nhf5 Qf8 20.Bd1 Nxa2 21.Bg4 Kh8 22.Nxd4 Bxg4 23.hxg4 Qb4
24.Qe2 Qxd4 25.Rxa2 Nc5 26.Ra3 Ne6 27.Nf5 Qb4 28.Raa1 Rc6 29.Rec1 Rac8 30.Qe3 g6
31.Qh6 Rxc1+ 32.Rxc1 Rxc1+ 33.Qxc1 gxf5 34.Qc8+ Nf8 35.Qd8 fxg4 36.Qxf6+ Kg8
37.Qxe5 Qe1+ 38.Kh2 Qxf2 39.Qg5+ Ng6 40.Qxg4 Qf4+ 41.Qg3 a5 42.d4 a4 43.e5 Kf7
44.Qxf4+ Nxf4 45.Kg3 Nd3  0-1

[Event "ch-SRB w 2011"]
[Site "Belgrade SRB"]
[Date "2011.04.14"]
[Round "4"]
[White "Stojanovic,Andj"]
[Black "Maksimovic,S"]
[Result "1-0"]
[WhiteElo "2318"]
[BlackElo "2203"]

1.e4 c5 2.Nf3 Nc6 3.Bb5 g6 4.O-O Bg7 5.c3 Nf6 6.Re1 O-O 7.h3 d5 8.e5 Nd7
9.d4 Qb6 10.Bf1 a5 11.a4 e6 12.Na3 cxd4 13.cxd4 f6 14.exf6 Nxf6 15.Nb5 Bd7
16.Bf4 Ne8 17.Bg3 Rc8 18.Ra3 Nf6 19.Nd6 Ne4 20.Nxe4 dxe4 21.Rxe4 Nb4 22.Ne5 Rfd8
23.Rc3 Be8 24.Qg4 Nd5 25.Rxc8 Rxc8 26.Nc4 Qc6 27.Rxe6 Bd7 28.Rxc6 Bxg4 29.Rd6  1-0

[Event "11th BCC Thailand Open"]
[Site "Pattaya THA"]
[Date "2011.04.16"]
[Round "8.9"]
[White "Willemze,T"]
[Black "Morris,J"]
[Result "1-0"]
[WhiteElo "2390"]
[BlackElo "2227"]

1.e4 c5 2.Nf3 Nc6 3.Bb5 g6 4.O-O Bg7 5.c3 Nf6 6.e5 Nd5 7.d4 cxd4 8.cxd4 d6
9.Nc3 Nc7 10.Bxc6+ bxc6 11.Qa4 Qd7 12.exd6 exd6 13.Re1+ Ne6 14.Ne4 O-O 15.Bh6 d5
16.Bxg7 Kxg7 17.Nc5 Nxc5 18.dxc5 Qb7 19.Qd4+ f6 20.Re3 Rb8 21.Rae1 Qxb2 22.Re7+ Rf7
23.Rxf7+ Kxf7 24.Qh4 h5 25.Qf4 g5 26.Nxg5+ Kg6 27.Nf3 Bg4 28.Nh4+ Kg7 29.h3  1-0

[Event "17th Schloss Open A"]
[Site "Werther GER"]
[Date "2011.04.16"]
[Round "4"]
[White "Niekrens,S"]
[Black "Weiler,D"]
[Result "1-0"]
[WhiteElo "2017"]
[BlackElo "2154"]

1.e4 c5 2.Nf3 Nc6 3.Bb5 e6 4.O-O Nge7 5.Re1 a6 6.Bf1 d5 7.d3 Ng6 8.exd5 Qxd5
9.Nc3 Qd8 10.g3 Be7 11.Bg2 e5 12.a4 O-O 13.Nd2 Be6 14.Nc4 f6 15.Ne3 Rb8 16.Ned5 Nb4
17.Nxe7+ Qxe7 18.b3 b6 19.a5 b5 20.Ba3 Rfd8 21.Ne4 Rbc8 22.Qd2 Nd5 23.c4 bxc4
24.bxc4 Nb4 25.Nxc5 Qxc5 26.Bxb4 Qc7 27.Qc3 Ne7 28.Bxe7 Qxe7 29.Qa3 Qd7 30.Re3 Rb8
31.Rae1 Qd4 32.h4 h5 33.Qe7 Bf7 34.Bh3 Bg6 35.c5 Re8 36.Qd6 Qb4 37.Be6+ Kh7
38.Bd7 Red8 39.Qc7 Bxd3 40.c6 Bb5 41.Qa7 Ra8 42.Bf5+ Kg8 43.Be6+ Kh7 44.Qf7 Rh8  1-0

[Event "XXV Catalunya Open"]
[Site "Barcelona ESP"]
[Date "2011.04.17"]
[Round "2"]
[White "Gonzalez Rodriguez,JA"]
[Black "Martinez Balaguer,J"]
[Result "1-0"]
[WhiteElo "2418"]
[BlackElo "1966"]

1.e4 c5 2.Nf3 Nc6 3.Bb5 g6 4.Bxc6 bxc6 5.d3 Bg7 6.O-O Nf6 7.Re1 O-O 8.Nc3 d6
9.h3 Rb8 10.Rb1 h6 11.e5 Nd5 12.Ne4 f5 13.exf6 Nxf6 14.b3 Nxe4 15.Rxe4 Rb4
16.Qe2 e5 17.Bd2 Rb7 18.Nh2 Rbf7 19.Rf1 Bf5 20.Ra4 g5 21.Be3 Qd7 22.f3 Rb8
23.Qd2 Rb5 24.Re1 Qb7 25.h4 gxh4 26.Rxh4 Rb4 27.c4 Qe7 28.g3 a5 29.Bxh6 a4
30.bxa4 Rxa4 31.Ng4 Bg6 32.Bxg7 Rxg7 33.f4 Qa7 34.fxe5 Rxa2 35.Qh6 Ra1 36.Qh8+ Kf7
37.e6+  1-0

[Event "Norsk Open A"]
[Site "Fagernes NOR"]
[Date "2011.04.17"]
[Round "3"]
[White "Hauge,Lars Oskar"]
[Black "Tari,A"]
[Result "0-1"]
[WhiteElo "1990"]
[BlackElo "2155"]

1.e4 c5 2.Nf3 Nc6 3.Bb5 g6 4.Bxc6 dxc6 5.d3 Bg7 6.h3 e5 7.Nc3 Ne7 8.Be3 b6
9.Qd2 O-O 10.Bh6 Qd6 11.Bxg7 Kxg7 12.Qe3 Be6 13.O-O f6 14.a4 a6 15.Ne2 Rfd8
16.b3 b5 17.Rfd1 g5 18.h4 g4 19.Ne1 Ng6 20.g3 h5 21.Nc3 Qd4 22.Ne2 Qd6 23.Nc3 Rf8
24.Ng2 Qe7 25.Re1 b4 26.Nb1 f5 27.exf5 Rxf5 28.Nd2 Raf8 29.Ne4 Bd5 30.Re2 Nf4
31.gxf4 exf4 32.Nxf4 Rxf4 33.Nxc5 Qxh4 34.Qe7+ Qxe7 35.Rxe7+ Kg6 36.Ne6 Bxe6
37.Rxe6+ Kg5 38.Re5+ Kh4 39.Rf1 R8f5 40.Rxf5 Rxf5 41.Re1 Kg5 42.Re4 a5 43.Rc4 c5
44.Re4 h4 45.Re8 h3 46.Re2 Kf6 47.Re8 Re5 48.Rg8 Re1+ 49.Kh2 Re2 50.Rxg4 Rxf2+
51.Kxh3 Rxc2 52.Kg3 Rc3 53.Kf4 Rxd3 54.Rg8 Rxb3 55.Ra8 Ra3 56.Rxa5 c4 57.Ke4 b3
58.Rb5 c3 59.Kd3 c2 60.Kd2 Ra1  0-1

[Event "Norsk Open A"]
[Site "Fagernes NOR"]
[Date "2011.04.17"]
[Round "4"]
[White "Salomon,J"]
[Black "Ulvnes,R"]
[Result "1/2-1/2"]
[WhiteElo "1889"]
[BlackElo "2004"]

1.e4 c5 2.Nf3 Nc6 3.Bb5 g6 4.Bxc6 dxc6 5.O-O Bg7 6.h3 e5 7.d3 h6 8.Be3 Qe7
9.Nc3 Nf6 10.Qd2 g5 11.Nh2 Nh5 12.Ne2 Nf4 13.Ng3 b6 14.a4 a5 15.c3 Be6 16.Qc2 Qd7
17.Rfd1 Bxh3 18.gxh3 Qxh3 19.Bxf4 gxf4 20.Nf5 f3 21.Ne3 Bf6 22.Kh1 Bg5 23.Rg1 Bf4
24.Nf1 Ke7 25.Qd1 Rhg8 26.Rxg8 Rxg8 27.Qxf3 Qh4 28.Rd1 Rg5 29.Ng3 Bxg3 30.fxg3 Rxg3
31.Qf2 Qg5 32.d4 cxd4 33.cxd4 Qh4 34.Qc2 exd4 35.Qxc6 Rg6 36.Qc7+ Kf8 37.Qb8+ Ke7
38.Qe5+ Re6 39.Qxd4 Qxe4+ 40.Qxe4 Rxe4 41.b3 Re3 42.Rb1 Kd6 43.Ng4 Rg3 44.Nf2 f5
45.Kh2 Rc3 46.Nd1 Rd3 47.Nb2 Rc3 48.Nc4+ Kc5 49.Kg2 h5 50.Kf2 h4 51.Ke2 h3
52.Kd2 Rg3 53.Rf1 Rxb3 54.Kc2 Rg3 55.Nxb6 Rg2+ 56.Kc3 Rg3+ 57.Kc2 Kxb6 58.Rxf5 Rg2+
59.Kc3 Rg3+ 60.Kb2 Rg2+ 61.Kb3  1/2-1/2

[Event "Norsk Open A"]
[Site "Fagernes NOR"]
[Date "2011.04.17"]
[Round "5"]
[White "Westerinen,H"]
[Black "Tari,A"]
[Result "1-0"]
[WhiteElo "2358"]
[BlackElo "2155"]

1.e4 c5 2.Nf3 Nc6 3.Bb5 g6 4.O-O Bg7 5.c3 e5 6.d4 cxd4 7.cxd4 exd4 8.Bf4 Nge7
9.Bd6 Qa5 10.Na3 a6 11.Bc4 O-O 12.Qb3 b5 13.Bxf7+ Kh8 14.Bd5 Re8 15.Ng5 h6
16.Bf7 Rf8 17.f4 d3 18.Qxd3 Qb6+ 19.Kh1 Qd4 20.Rad1 Qxd3 21.Rxd3 Bxb2 22.Bd5 hxg5
23.Bxe7 Rxf4 24.Rxf4 gxf4 25.Bf8 Nb8  1-0

[Event "Norsk Open A"]
[Site "Fagernes NOR"]
[Date "2011.04.17"]
[Round "6"]
[White "Jones,G"]
[Black "Gullaksen,E"]
[Result "1-0"]
[WhiteElo "2578"]
[BlackElo "2351"]

1.e4 c5 2.Nf3 Nc6 3.Bb5 g6 4.Bxc6 dxc6 5.d3 Bg7 6.h3 Nf6 7.Nc3 Nd7 8.Be3 e5
9.Qd2 h6 10.O-O Qe7 11.Nh2 Nf8 12.f4 exf4 13.Bxf4 Ne6 14.Bg3 Nd4 15.Rae1 O-O
16.e5 Bf5 17.Ne4 Bxe4 18.Rxe4 h5 19.Bh4 Qc7 20.Bf6 Rae8 21.c3 Bxf6 22.exf6 Rxe4
23.cxd4 Re6 24.Qh6 Rxf6 25.Rxf6 cxd4 26.Nf3 Qe7 27.Ng5 Qe3+ 28.Rf2 Qe1+ 29.Rf1 Qe3+
30.Kh1  1-0

[Event "Norsk Open A"]
[Site "Fagernes NOR"]
[Date "2011.04.17"]
[Round "8"]
[White "Taksrud,V"]
[Black "Johansen,St"]
[Result "1-0"]
[WhiteElo "2088"]
[BlackElo "1938"]

1.e4 c5 2.Nf3 Nc6 3.Bb5 d6 4.O-O g6 5.c3 Nf6 6.d4 cxd4 7.cxd4 Bd7 8.Nc3 Bg7
9.e5 dxe5 10.Bxc6 Bxc6 11.Nxe5 O-O 12.Nxc6 bxc6 13.Qa4 Qb6 14.Qa3 Qxd4 15.Be3 Qe5
16.Bc5 Rfe8 17.Rae1 Qf4 18.Bxe7 Ng4 19.Bd6 Be5 20.Bxe5 Rxe5 21.g3 Qh6 22.h4 Rae8
23.Rxe5 Nxe5 24.Ne4 Kg7 25.Qc3 f6 26.Nxf6 Kxf6 27.f4 Kg7 28.fxe5 Qh5 29.e6+ Kg8
30.Rf7 Qh6 31.Qe5 a5 32.Kg2 a4 33.a3 Qd2+ 34.Kh3 Qh6 35.Qf6 Rf8 36.e7 Re8
37.Qe6  1-0

[Event "XXV Catalunya Open"]
[Site "Barcelona ESP"]
[Date "2011.04.18"]
[Round "3"]
[White "Perez Mitjans,O"]
[Black "Barbero Senidic,A"]
[Result "1-0"]
[WhiteElo "2457"]
[BlackElo "2267"]

1.e4 c5 2.Nf3 Nc6 3.Bb5 g6 4.O-O Bg7 5.c3 e5 6.d4 exd4 7.cxd4 Nxd4 8.Nxd4 cxd4
9.f4 Ne7 10.f5 Qb6 11.Qf3 f6 12.Qb3 Nc6 13.Na3 a6 14.Nc4 Qc5 15.Bxc6 dxc6
16.Nb6  1-0

[Event "ch-FAI"]
[Site "Vestmanna FAI"]
[Date "2011.04.18"]
[Round "4"]
[White "Simonsen,O"]
[Black "Thomsen,T"]
[Result "1-0"]
[WhiteElo "2244"]
[BlackElo "2188"]

1.e4 c5 2.Nf3 Nc6 3.Bb5 a6 4.Bxc6 dxc6 5.h3 Qc7 6.O-O e5 7.d3 Ne7 8.Be3 Ng6
9.a4 a5 10.c3 Be7 11.d4 cxd4 12.cxd4 exd4 13.Nxd4 O-O 14.Nc3 Bb4 15.Qc2 Qe7
16.Rae1 Re8 17.Bc1 Qc5 18.Rd1 Qc4 19.Kh1 Kh8 20.f4 f6 21.Rf3 Nf8 22.f5 Qf7
23.Nce2 b5 24.axb5 cxb5 25.Nxb5 Ba6 26.Nbc3 Rac8 27.Bf4 Qb7 28.Ng3 Nd7 29.Qd2 Nc5
30.Qd5 Bxc3 31.Rxc3 Na4 32.Rxc8 Qxc8 33.Rc1 Qd8 34.Qc6 Nxb2 35.Qxa6 Nd3 36.Rf1 Nxf4
37.Rxf4 Qc7 38.Rf3 h5 39.Nxh5 Kh7 40.Ng3 Rb8 41.Qe2 a4 42.Qa2 Rb4 43.Qa3 Qd6
44.Re3 Rb1+ 45.Kh2 Qd1 46.h4 Qg4 47.Ne2 Re1 48.Qd3 Rf1 49.Rg3 Qh5 50.Nc3 Rf4
51.Nxa4  1-0

[Event "ch-FRA u20b"]
[Site "Montlucon FRA"]
[Date "2011.04.20"]
[Round "5.6"]
[White "Blum,N"]
[Black "Podvin,F"]
[Result "0-1"]
[WhiteElo "2245"]
[BlackElo "2000"]

1.e4 c5 2.Nf3 Nc6 3.Bb5 Nf6 4.Nc3 Nd4 5.e5 Nxb5 6.Nxb5 Nd5 7.Ng5 f5 8.O-O e6
9.d4 a6 10.c4 Nb4 11.Nd6+ Bxd6 12.exd6 cxd4 13.Qxd4 Qf6 14.Qd2 Nc6 15.Nf3 O-O
16.c5 Rb8 17.Qe2 b6 18.Bg5 Qg6 19.Be7 Re8 20.Ne5 Nxe5 21.Qxe5 Bb7 22.f3 b5
23.Bh4 Bc6 24.Kh1 Qh6 25.Bg3 Qf6 26.Rae1 Qxe5 27.Bxe5 a5 28.Kg1 Kf7 29.Kf2 a4
30.Ke3 Rg8 31.h4 b4 32.Rd1 Rb5 33.Rc1 Rc8 34.Bd4 Re8 35.Kf4 Kg8 36.Rfe1 Rf8
37.Rh1 Re8 38.Rce1 Rf8 39.Re5 Rbb8 40.Be3 b3 41.a3 Rb7 42.Bd4 Rb5 43.Rc1 Bd5
44.Ree1 Bc6 45.Rh1 Bd5 46.Rh3 Bc6 47.Rg3 Rf7 48.Rh1 h6 49.h5 Kh7 50.Rg6 Rb8
51.Rh3 Rg8 52.Rhg3 Bd5 53.Be5 Bc6 54.Ke3 Bd5 55.Kd4 Bc6 56.Kc4 Bd5+ 57.Kd3 Bc6
58.Kd4 Bd5 59.Rh3 Bc6 60.Rh4 Rff8 61.Ke3 Rb8 62.Rd4 Rb5 63.Rc4 Rbb8 64.Rb4 Rb5
65.Kd4 Rxb4+ 66.axb4 a3  0-1

[Event "Doeberl Cup Premier"]
[Site "Canberra AUS"]
[Date "2011.04.21"]
[Round "2.1"]
[White "Hansen,SuB"]
[Black "Morris,J"]
[Result "1/2-1/2"]
[WhiteElo "2603"]
[BlackElo "2227"]

1.e4 c5 2.Nf3 Nc6 3.Bb5 g6 4.Bxc6 bxc6 5.O-O Bg7 6.Re1 e5 7.c3 Ne7 8.d4 cxd4
9.cxd4 exd4 10.Nxd4 O-O 11.Nc3 Rb8 12.Nb3 d5 13.Be3 dxe4 14.Bc5 Qxd1 15.Raxd1 Bxc3
16.bxc3 Re8 17.Rxe4 Be6 18.c4 Red8 19.Rc1 Nc8 20.Na5 Nd6 21.Rd4 Nxc4 22.Rdxc4 Rb5
23.Bxa7 Rxa5 24.Bb6 Bxc4 25.Bxa5 Rd5 26.Be1 Bxa2 27.Rxc6 Rd8 28.f3 Be6 29.Rb6 g5
30.Bc3 h6 31.Kf2 Kh7 32.Ke3 Bf5 33.Bd4 Re8+ 34.Kf2 Be6 35.g4 Kg6 36.Kg3 h5
37.gxh5+  1/2-1/2

[Event "Lenk Open"]
[Site "Lenk SUI"]
[Date "2011.04.21"]
[Round "1"]
[White "Krauseneck,P"]
[Black "Bonferroni,T"]
[Result "1-0"]
[WhiteElo "2248"]
[BlackElo "1836"]

1.e4 c5 2.Nf3 Nc6 3.Bb5 d6 4.Bxc6+ bxc6 5.c4 g6 6.d3 Bg7 7.O-O Nf6 8.Nc3 O-O
9.Nh4 e6 10.f4 d5 11.Nf3 Qc7 12.Qe1 Rb8 13.Qh4 Ba6 14.f5 Nd7 15.Bf4 e5 16.Bh6 Qd8
17.Ng5 Bf6 18.exd5 Rxb2 19.fxg6 fxg6 20.Nce4 cxd5 21.Bxf8 Bxg5 22.Nxg5 Nxf8
23.Rxf8+  1-0

[Event "15th Neckar Open"]
[Site "Deizisau GER"]
[Date "2011.04.22"]
[Round "2"]
[White "Naiditsch,A"]
[Black "Priebe,J"]
[Result "1-0"]
[WhiteElo "2684"]
[BlackElo "2244"]

1.e4 c5 2.Nf3 Nc6 3.Bb5 g6 4.Bxc6 dxc6 5.d3 Bg4 6.Nbd2 e5 7.h3 Bxf3 8.Nxf3 Bg7
9.O-O Qe7 10.a3 Nf6 11.b4 Nd7 12.Bg5 Qd6 13.Qb1 O-O 14.Be3 cxb4 15.axb4 a6
16.Qb3 Rfe8 17.Rfb1 Nf8 18.Nd2 Rad8 19.Nc4 Qf6 20.Ra5 Rd7 21.Bd2 Qe6 22.Kh1 Kh8
23.f4 exf4 24.Bxf4 f6 25.Rf1 Qe7 26.Bd2 Ne6 27.Bc3 Rf8 28.Qb2 Nc7 29.Qb1 Nb5
30.Ba1 Qe6 31.Nb6 Rdf7 32.c4 Nc7 33.Rf3 f5 34.Bxg7+ Kxg7 35.Qb2+ Kg8 36.Re5 Qf6
37.c5 Qd8 38.exf5 Rxf5 39.Rexf5 Rxf5 40.Rxf5 gxf5 41.Qe5 Nb5 42.Qxf5 Qf8
43.Qe5 Qf1+ 44.Kh2 Kf7 45.Qh5+ Kg7 46.Qg5+ Kf7 47.Nc4 Qf6 48.Qe3 Kg7 49.Ne5 Nc3
50.Qg3+ Kh8 51.Ng4  1-0

[Event "Chance Cup Open 2011"]
[Site "Frydek Mistek CZE"]
[Date "2011.04.22"]
[Round "4"]
[White "Clements,Thomas A"]
[Black "Sieber,M"]
[Result "0-1"]
[WhiteElo "1886"]
[BlackElo "2038"]

1.e4 c5 2.Nf3 Nc6 3.Bb5 d6 4.Bxc6+ bxc6 5.d3 g6 6.Nc3 Bg7 7.h3 Nf6 8.Be3 Rb8
9.Rb1 O-O 10.Qd2 Re8 11.Nh2 Nd7 12.g4 Qa5 13.Ke2 Rxb2 14.Rxb2 Bxc3 15.Qc1 Bxb2
16.Qxb2 Ba6 17.Bh6 e5 18.Rb1 c4 19.Nf3 Nc5 20.Qb8 cxd3+ 21.cxd3 Bxd3+ 22.Ke3 Qd8
23.Qxd8 Rxd8 24.Rd1 Bxe4 25.Nxe5 f6 26.Nc4 Bd5 27.Na5 Kf7 28.Bf4 g5 29.Bh2 Re8+
30.Kd4 Re4+ 31.Kc3 Na4+ 32.Kd2 Rd4+ 33.Kc1 Rxd1+ 34.Kxd1 Ke6 35.Nb7 Nc3+
36.Ke1 Nxa2 37.Nxd6 Bg2 38.Nc8 a6 39.Na7 Kd7  0-1

[Event "ch-FRA u20b"]
[Site "Montlucon FRA"]
[Date "2011.04.22"]
[Round "7.7"]
[White "Chandesris,L"]
[Black "Podvin,F"]
[Result "1/2-1/2"]
[WhiteElo "2121"]
[BlackElo "2000"]

1.e4 c5 2.Nf3 Nc6 3.Bb5 Nf6 4.Nc3 Qc7 5.O-O Nd4 6.Re1 a6 7.Bf1 Ng4 8.g3 Nxf3+
9.Qxf3 Ne5 10.Qe2 e6 11.Nd5 exd5 12.exd5 d6 13.f4 f6 14.fxe5 dxe5 15.a4 Bd6
16.c4 a5 17.Bh3 h5 18.Bxc8 Qxc8 19.Qe4 Qg4 20.d3 O-O-O 21.Bd2 b6 22.Rf1 Rdf8
23.Rae1 Kc7 24.Kg2 Qd7 25.b3 h4 26.Qf5 Qf7 27.Qf3 hxg3 28.hxg3 Rh5 29.Rh1 Rfh8
30.Rxh5 Rxh5 31.Rh1 Rxh1 32.Kxh1 Qg6 33.g4 Qh7+ 34.Kg2 e4 35.Qh3 Qxh3+ 36.Kxh3 exd3
37.Kg2 g5 38.Kf2 Bf4 39.Ke1 Be5 40.Be3 Bc3+ 41.Bd2  1/2-1/2

[Event "17th Asian Cities"]
[Site "Jakarta INA"]
[Date "2011.04.23"]
[Round "2.3"]
[White "Kuderinov,K"]
[Black "Namir,M"]
[Result "1-0"]
[WhiteElo "2480"]
[BlackElo "2188"]

1.e4 c5 2.Nf3 Nc6 3.Bb5 g6 4.O-O Bg7 5.Re1 Nf6 6.c3 O-O 7.d4 cxd4 8.cxd4 d5
9.e5 Ne4 10.Bxc6 bxc6 11.Nbd2 Nxd2 12.Nxd2 f6 13.exf6 exf6 14.Nb3 Qd6 15.Qf3 g5
16.Bd2 Rb8 17.a3 Qd7 18.Bb4 Re8 19.Rxe8+ Qxe8 20.Re1 Qg6 21.Qg3 Ra8 22.Qc7 Bf5
23.Qxc6 Rd8 24.Ba5 Rb8 25.Qxd5+ Kh8 26.Nc5 h5 27.Bc3 h4 28.Ne6 h3 29.Nxg7 Kxg7
30.Re7+ Kh6 31.Qf7 Qxf7 32.Rxf7 Kg6 33.Rxa7 Re8 34.d5 Re2 35.d6 Rc2 36.Re7 g4
37.a4 Bd7 38.a5 Bc6 39.gxh3 gxh3 40.a6 Rc1+ 41.Re1 Rxe1+ 42.Bxe1 Kf7 43.f4 Ke6
44.Bb4 Kd7 45.a7 Kc8 46.Kf2 Kb7 47.Bc5 Bd7 48.Kg3 Bf5 49.Kh4 Bd7 50.Kh5 Bf5
51.Kh6 Be4 52.Kg7 f5 53.Kf6 Kc8 54.Ke7  1-0

[Event "17th Asian Cities"]
[Site "Jakarta INA"]
[Date "2011.04.23"]
[Round "3.3"]
[White "Golizadeh,A"]
[Black "Khouri,A"]
[Result "1-0"]
[WhiteElo "2492"]
[BlackElo "2013"]

1.e4 c5 2.Nf3 Nc6 3.Bb5 e6 4.Bxc6 bxc6 5.d3 d5 6.c4 Nf6 7.Nc3 Be7 8.O-O O-O
9.b3 Qc7 10.Qe2 dxe4 11.dxe4 e5 12.Ne1 Rd8 13.Na4 Rd4 14.f3 Be6 15.Be3 Rad8
16.Bxd4 cxd4 17.Nd3 Qa5 18.Qe1 Qc7 19.Nac5 Bc8 20.b4 Nd7 21.Nb3 Nb6 22.Na5 Be6
23.c5 Na4 24.Qg3 f6 25.f4 Nc3 26.Rae1 Nxa2 27.fxe5 fxe5 28.Nxe5 Bf6 29.Rxf6  1-0

[Event "57th ch-WLS"]
[Site "Cardiff WLS"]
[Date "2011.04.24"]
[Round "4.3"]
[White "Kett,T"]
[Black "Rees,I"]
[Result "1-0"]
[WhiteElo "2202"]
[BlackElo "2319"]

1.e4 c5 2.Nf3 Nc6 3.Bb5 e6 4.Bxc6 bxc6 5.O-O Ne7 6.d3 Ng6 7.Nc3 Be7 8.Ne1 e5
9.Qh5 d6 10.g3 Qd7 11.f4 exf4 12.gxf4 Qg4+ 13.Qxg4 Bxg4 14.Nf3 Bf6 15.e5 dxe5
16.fxe5 Be7 17.Bg5 Bxg5 18.Nxg5 Nxe5 19.Rae1 f6 20.h3 Bc8 21.Nf3 Bxh3 22.Nxe5 Bxf1
23.Ng6+ Kd7 24.Nxh8 Bh3 25.Nf7 Rf8 26.Nh6 gxh6 27.Ne4 f5 28.Nxc5+ Kd6 29.b4 f4
30.c4 Bf5 31.Nb7+ Kd7 32.Nc5+ Kd6 33.Nb7+ Kd7 34.Nc5+ Kd8 35.Nb7+ Kc8 36.Re7 Bxd3
37.Nd6+ Kb8 38.c5 h5 39.a4 f3 40.Kf2 h4 41.b5 h3 42.bxc6 h2 43.c7+ Ka8 44.Re1 Ba6
45.Rh1 Rg8 46.Rxh2 Rg7 47.c8=Q+ Bxc8 48.Nxc8 Rc7 49.Nd6 Rxc5 50.Rxh7 Kb8
51.Kxf3 Rd5 52.Rb7+ Ka8 53.Rd7 a6 54.Rd8+  1-0

[Event "57th ch-WLS"]
[Site "Cardiff WLS"]
[Date "2011.04.25"]
[Round "7.1"]
[White "Pleasants,A"]
[Black "Williams,AH"]
[Result "0-1"]
[WhiteElo "2056"]
[BlackElo "2347"]

1.Nf3 c5 2.e4 Nc6 3.Bb5 e6 4.Bxc6 bxc6 5.O-O Ne7 6.Re1 Ng6 7.d3 e5 8.Nc3 Be7
9.Ne2 O-O 10.Ng3 d6 11.c3 Be6 12.Nf5 Qd7 13.Nxe7+ Qxe7 14.Ng5 h6 15.Nxe6 fxe6
16.Re3 Rf6 17.Rf3 Raf8 18.Rxf6 Rxf6 19.Qg4 d5 20.Bd2 Nf4 21.Bxf4 Rxf4 22.Qg6 c4
23.exd5 cxd5 24.dxc4 Rxc4 25.Re1 Qf6 26.Qxf6 gxf6 27.Kf1 Kf7 28.Ke2 e4 29.Kd2 f5
30.b3 Rc6 31.f3 Kf6 32.fxe4 dxe4 33.c4 a5 34.Kc3 Ke5 35.a3 Rd6 36.c5 Rd3+
37.Kc4 Rd2 38.b4 Rxg2 39.c6 Rc2+ 40.Kb5 axb4 41.axb4 f4 42.Kb6 f3 43.c7 f2
44.Re2 Rxc7 45.Rxf2 e3 46.Rb2 Rd7 47.b5 Rd2 48.Rb1 e2 49.Re1 Ke4  0-1

[Event "17th Asian Cities"]
[Site "Jakarta INA"]
[Date "2011.04.25"]
[Round "5.2"]
[White "Kasmiran"]
[Black "Mahjoob,M"]
[Result "1/2-1/2"]
[WhiteElo "2346"]
[BlackElo "2487"]

1.e4 c5 2.Nf3 Nc6 3.Bb5 d6 4.c3 Nf6 5.d3 Bd7 6.O-O a6 7.Ba4 b5 8.Bc2 Bg4
9.h3 Bh5 10.Re1 e6 11.Bf4 Be7 12.Nbd2 O-O 13.g4 Bg6 14.Bg3 Nd7 15.a4 Kh8
16.d4 cxd4 17.Nxd4 Nxd4 18.cxd4 Qb6 19.f4 h6 20.Bf2 Rac8 21.axb5 axb5 22.Bb3 Bh7
23.d5 Qd8 24.dxe6 fxe6 25.f5 Bg8 26.Nf3 Nc5 27.Bxc5 dxc5 28.Qxd8 Rfxd8 29.Ne5 Rc7
30.Bxe6 Bxe6 31.fxe6 Re8 32.Ra6 Kh7 33.Nd3 c4 34.Nf4 Bc5+ 35.Kg2 Ra7 36.Rxa7 Bxa7
37.Rd1 Bb8 38.Nh5 Rxe6 39.Rd5 b4 40.Rb5 Bd6 41.Rb6 Rg6 42.Rc6 c3 43.bxc3 bxc3
44.Rxc3 Be5 45.Rc5 Re6 46.Kf3 g5 47.Rb5 Kg6 48.Rd5 Re7 49.Ra5 Re6 50.Rb5 Kf7
51.Ke3 Re7 52.Kd3 Rd7+ 53.Rd5 Ke6 54.Rxd7 Kxd7 55.Ke3 Ke6 56.Kf3 Bd6  1/2-1/2

[Event "17th Asian Cities"]
[Site "Jakarta INA"]
[Date "2011.04.25"]
[Round "5.5"]
[White "Antonio,R"]
[Black "Ibrahim,I UAE"]
[Result "1-0"]
[WhiteElo "2589"]
[BlackElo "2158"]

1.e4 c5 2.Nf3 Nc6 3.Bb5 g6 4.Bxc6 dxc6 5.d3 Bg7 6.h3 Nf6 7.Nc3 O-O 8.Be3 b6
9.Qd2 e5 10.Bh6 Qd6 11.O-O Nh5 12.Bxg7 Kxg7 13.Ne2 f6 14.Rae1 g5 15.Nxg5 fxg5
16.Qxg5+ Qg6 17.Qxe5+ Kg8 18.Kh1 Bd7 19.g4 Ng7 20.Qg3 Qf6 21.e5 Qf3+ 22.Qxf3 Rxf3
23.Ng3 Rf4 24.f3 h5 25.Ne2 Rf7 26.Ng3 Rf4 27.Kg2 Be6 28.Ne2 Rf7 29.Kg3 Raf8
30.f4 c4 31.d4 c3 32.b3 Bd5 33.f5 Be4 34.f6 Ne6 35.Nf4 Nxf4 36.Rxf4 Bxc2
37.Rc1 Bg6 38.Rxc3 hxg4 39.Rxg4 Kh7 40.Rxc6 Rd7 41.e6  1-0

[Event "17th Asian Cities"]
[Site "Jakarta INA"]
[Date "2011.04.26"]
[Round "6.1"]
[White "Sihite,Chelsie Monica"]
[Black "Wan Yunguo"]
[Result "0-1"]
[WhiteElo "2039"]
[BlackElo "2458"]

1.e4 c5 2.Nf3 Nc6 3.Bb5 g6 4.c3 Nf6 5.e5 Nd5 6.O-O Bg7 7.d4 cxd4 8.cxd4 O-O
9.Nc3 Nc7 10.Be2 d6 11.Bf4 dxe5 12.dxe5 Ne6 13.Bg3 Ned4 14.Nxd4 Nxd4 15.Bc4 Nf5
16.Qxd8 Rxd8 17.Rfd1 Bd7 18.Bf4 h6 19.h3 g5 20.Bh2 e6 21.Bd3 Ne7 22.Ne4 Bc6
23.Nf6+ Bxf6 24.exf6 Nd5 25.Be5 Nb4 26.Bc4 Bd5 27.a3 Nc6 28.Bxd5 Rxd5 29.Rxd5 exd5
30.Bg3 Kh7 31.f4 Kg6 32.fxg5 hxg5 33.Rd1 Rd8 34.h4 gxh4 35.Bxh4 d4 36.Bf2 Rd5
37.Kf1 Re5 38.Rd3 Re4 39.b4 b5 40.g3 Kxf6 41.Kg2 Ke6 42.Rd1 a6 43.Rc1 Ne5
44.Kf1 d3  0-1

[Event "17th Asian Cities"]
[Site "Jakarta INA"]
[Date "2011.04.26"]
[Round "6.3"]
[White "Liu Dede"]
[Black "Kasmiran"]
[Result "1/2-1/2"]
[WhiteElo "2418"]
[BlackElo "2346"]

1.e4 c5 2.Nf3 Nc6 3.Bb5 g6 4.O-O Bg7 5.Re1 e5 6.Bxc6 dxc6 7.d3 Qe7 8.Nbd2 Nh6
9.Nc4 f6 10.Bxh6 Bxh6 11.Qe2 Be6 12.Ne3 Bg7 13.a4 h5 14.Rab1 Bh6 15.Nd2 O-O-O
16.Ndc4 Bxe3 17.Nxe3 Qg7 18.b4 cxb4 19.Rxb4 Rd7 20.Reb1 Qe7 21.Nc4 c5 22.Rb5 Bxc4
23.dxc4 Rhd8 24.h3 Rd2 25.Qe3 Rd1+ 26.Rxd1 Rxd1+ 27.Kh2 Rd4 28.Qh6 Kc7 29.Qxg6 Rxc4
30.Rb3 Rxa4 31.Rf3 Ra6 32.Qxh5 Rd6 33.g4 Kb6 34.Qh8 a6 35.h4 Ka7 36.Kg3 Qe6
37.Qf8 Rc6 38.Qg7 Rb6 39.Rc3 Qc6 40.Qe7 Qxe4 41.Qxc5 Qf4+ 42.Kh3 f5 43.f3 fxg4+
44.fxg4 Qf1+ 45.Kg3 Qf4+ 46.Kh3 Qf1+  1/2-1/2

[Event "8th Balagne Open"]
[Site "Calvi FRA"]
[Date "2011.04.27"]
[Round "3.8"]
[White "Van Kampen,R"]
[Black "Marie,M"]
[Result "1-0"]
[WhiteElo "2456"]
[BlackElo "2209"]

1.e4 c5 2.Nf3 Nc6 3.Bb5 e6 4.Bxc6 bxc6 5.b3 d6 6.e5 dxe5 7.Nxe5 Qd4 8.Nc4 Nf6
9.Bb2 Qh4 10.Nc3 Be7 11.Qf3 O-O 12.Qxc6 Rb8 13.Qc7 Bb7 14.Qxe7 Bxg2 15.Rg1 Rb7
16.Qxc5 Bd5 17.Nxd5 exd5 18.Ne3  1-0

[Event "8th Balagne Open"]
[Site "Calvi FRA"]
[Date "2011.04.28"]
[Round "5.9"]
[White "Midoux,S"]
[Black "Marie,M"]
[Result "1-0"]
[WhiteElo "2303"]
[BlackElo "2209"]

1.e4 c5 2.Nf3 Nc6 3.Bb5 e6 4.O-O Nge7 5.c3 a6 6.Ba4 c4 7.Bc2 d5 8.Qe2 b5
9.a4 Bb7 10.axb5 axb5 11.Rxa8 Bxa8 12.exd5 Nxd5 13.d3 cxd3 14.Qxd3 Qb8 15.Re1 Be7
16.b4 g5 17.Na3 g4 18.Ng5 Nf4 19.Bxf4 Qxf4 20.Ne4 f5 21.Nc5 Bxc5 22.bxc5 O-O
23.Nxb5 Ne7 24.Qd6 Ng6 25.Nc7 Bxg2 26.Nxe6 Qf3 27.Bb3 Qxc3 28.Nxf8+  1-0

[Event "Karlovy Vary Open"]
[Site "Karlovy Vary CZE"]
[Date "2011.04.29"]
[Round "2.8"]
[White "Sejkora,V"]
[Black "Kozak,K"]
[Result "1-0"]
[WhiteElo "2184"]
[BlackElo "1900"]

1.e4 c5 2.Nf3 Nc6 3.Bb5 g6 4.O-O Bg7 5.c3 Qb6 6.a4 a6 7.Bxc6 dxc6 8.a5 Qc7
9.d3 Bg4 10.Be3 Qd6 11.Na3 Rd8 12.Nc4 Qxd3 13.Qxd3 Rxd3 14.Nfe5 Be6 15.Nxd3 Bxc4
16.Rfd1  1-0

[Event "Sydney International Open"]
[Site "Sydney AUS"]
[Date "2011.04.29"]
[Round "5.10"]
[White "Illingworth,M"]
[Black "Zulfic,F"]
[Result "1-0"]
[WhiteElo "2345"]
[BlackElo "2057"]

1.e4 c5 2.Nf3 Nc6 3.Bb5 e6 4.O-O Nge7 5.c3 a6 6.Ba4 b5 7.Bc2 Ng6 8.d4 Bb7
9.d5 Nce5 10.Nxe5 Nxe5 11.f4 Nc4 12.b3 Nb6 13.d6 Qb8 14.e5 Qa7 15.Qe2 Nd5
16.c4 Nb4 17.Bd3 Rc8 18.Nc3 bxc4 19.bxc4 Nc6 20.Qf2 Nd4 21.f5  1-0